00366 a2200109 4500001001000000005001700010008004100027245009700068100002400165773005000189999001700239ART_4244320260410161842.0260409a 10aReflexiones sin eufemismos sobre el derecho disciplinario de las administraciones públicas1 aBastons, Jorge Luis0 tRAPg- Año 39, Nº 463 (abr. 2017)wREV5941 c24218d24218